000 00801nam a22002057a 4500
999 _c8640
_d8640
003 AR-CdUCM
008 190325b ||||| |||| 00| 0 spa d
040 _aMUNICIPALIDAD PROVINCIAL DEL CUSCO
_cBIBLIOTECA MUNICIPAL DEL CUSCO
082 _a301 /
_bG78
100 _aGrapin, Pierre
_924164
245 _aLa Antropología Criminal /
260 _aBarcelona :
_bOikos-tan, S. A. ;
_c1973.
300 _a122 páginas ;
_c18cm
440 _aColección ¿Qué sé?
_n99
_924165
505 _aContenido: Las tendencias neurocerebralistas -- Las tendencias biotopológicas -- Algunas teorías somatopsicológicas -- La biología criminal y la tendencia genetista -- La tendencia neoantropológica...
650 _aCriminal
_924166
650 _aAntropología
_9878
942 _2ddc
_cLIBROS
945 _anom